Legal pluralism and interlegality in Ecuador: the La cocha murder case /

Збережено в:
Бібліографічні деталі
Автор: Simon Thomas, Marc
Формат: Текст
Теги: Додати тег
Немає тегів, Будьте першим, хто поставить тег для цього запису!

MARC

LEADER 00000 a a2200000 04500
001 42665
003
040
100 |a Simon Thomas, Marc  
245 |a Legal pluralism and interlegality in Ecuador:   |b the La cocha murder case /  |c Marc Simon Thomas  
773 |g número24 ( 2009), 103 páginas  
999 |c 24888  |d 24888